| 000 | 00637nam a2200229Ia 4500 | ||
|---|---|---|---|
| 003 | GCL | ||
| 008 | 140319s9999 xx 000 0 eng d | ||
| 020 | _a1857150791 | ||
| 040 |
_aGCL / _cGCL |
||
| 082 | 0 | 4 |
_a320.101 _bM P |
| 100 | 1 | _aMACHIAVELLI, NICCOLO | |
| 245 | 1 | 0 |
_aTHE PRINCE / _cMACHIAVELLI, NICCOLO |
| 700 | 1 | _aMARRIOTT, J.W. | |
| 700 | 1 | _aBAKER - SMITH, DOMINIC | |
| 260 |
_aانجلترا : _bEVERYMAN'S LIBRARY ، _c1992 |
||
| 300 |
_a21 CM ؛ _cXXXI, 190 P |
||
| 490 |
_aTHE MILLENNIUM LIBRARY _v79 |
||
| 650 | 0 | 4 | _aGOVERNMENT AND THE STATE |
| 650 | 0 | 4 | _aSTATE, THE |
| 650 | 0 | 4 | _aPOLITICAL SCIENCE |
| 942 |
_2ddc _cBK |
||
| 999 |
_c6506 _d6506 |
||